00440 a2200169 450000100060000002000060000604000240001210000260003624000260006224500210008830000080010936200090011765000310012694200070015795200890016499900170025369336 a  cAnchieta - Itaigara aGouveia, Luis Augusto10aOuvindo estrelaslpor10aOuvindo estrelas a1890 a2005 4aLiteratura infanto-juvenil cBK 00104070a88.1b88.1d2023-11-21l0p1549/ITAr2023-11-21 20:03:51w2023-11-21yBK c69336d69336